000 00552nam a22001697a 4500
008 110420r20032010ii|||||r|||| 000 0 eng d
020 _a8123909411
082 _222
_a620.136
_bSOO
100 _923216
_aSood, Hemant
245 _aLaboratory Manual on Concrete Technology /
_cHemant Sood, L. N. Mittal & P. D. Kulkarni
260 _aNew Delhi :
_bCBS, 2003
_c2003
300 _a148 p. :
_bill. ;
_c23 cm.
504 _aIncludes bibliographical references (p. p. 147-148)
653 _bArch
_bCiv
_cApril2011
650 _95362
_aConcrete
942 _2ddc
_cBB
999 _c15148
_d15148